[Event "Open A"]
[Site "Gjovik NOR"]
[Date "2009.01.05"]
[Round "7"]
[White "Geetha Narayanan, G."]
[Black "Kulaots, K."]
[Result "1-0"]
[WhiteElo "2548"]
[BlackElo "2556"]
[PlyCount "99"]
[EventDate "2008.12.29"]
[SourceDate "1999.07.01"]

1. e4 c5 2. Nf3 d6 3. d4 Nf6 4. Nc3 cxd4 5. Nxd4 a6 6. Bg5 Nc6 7. Qd2 e6 8.
O-O-O Nxd4 9. Qxd4 Be7 10. f4 b5 11. Be2 Bb7 12. Bf3 O-O 13. Bxf6 Bxf6 14. Qxd6
Qa5 15. e5 Bxf3 16. gxf3 Rad8 17. Qc5 Rc8 18. Qe3 b4 19. exf6 bxc3 20. fxg7
cxb2+ 21. Kb1 Rfd8 22. Qe5 Rxd1+ 23. Rxd1 Qxe5 24. fxe5 Rc5 25. Rg1 Rxe5 26.
Kxb2 Rb5+ 27. Ka3 Ra5+ 28. Kb3 Rb5+ 29. Ka3 Ra5+ 30. Kb4 Rxa2 31. c4 Rxh2 32.
Rc1 Kxg7 33. c5 Kg6 34. c6 Rb2+ 35. Kc5 Rb8 36. c7 Rc8 37. Kd6 h5 38. Rh1 Kg5
39. Kd7 Rh8 40. Rb1 f5 41. Rb8 Rh7+ 42. Kd6 Rxc7 43. Kxc7 Kf4 44. Kd6 e5 45.
Kd5 h4 46. Rh8 Kxf3 47. Rxh4 e4 48. Kd4 f4 49. Rh2 e3 50. Kd3 1-0

[Event "Corus C"]
[Site "Wijk aan Zee NED"]
[Date "2009.01.19"]
[Round "3"]
[White "Nijboer, F."]
[Black "Hillarp Persson, T."]
[Result "1/2-1/2"]
[WhiteElo "2560"]
[BlackElo "2586"]
[PlyCount "117"]
[EventDate "2009.01.17"]
[SourceDate "1999.07.01"]

1. e4 c5 2. Nf3 d6 3. d4 cxd4 4. Nxd4 Nf6 5. Nc3 a6 6. Be3 e5 7. Nb3 Be6 8. f3
h5 9. Nd5 Bxd5 10. exd5 Nbd7 11. Qd2 g6 12. O-O-O Nb6 13. Qa5 Bh6 14. Bxh6 Rxh6
15. Kb1 Kf8 16. c4 Kg7 17. g3 Rh8 18. Rc1 Rc8 19. Qb4 Qc7 20. Bh3 Nxc4 21. Bxc8
Rxc8 22. Nd2 b5 23. Nxc4 bxc4 24. Rhd1 a5 25. Qd2 Qb6 26. Qg2 Rc5 27. f4 exf4
28. gxf4 c3 29. Rc2 Qb5 30. f5 Rxd5 31. Rxd5 Nxd5 32. fxg6 fxg6 33. Qe4 Kh6 34.
a4 Qf1+ 35. Rc1 Qf2 36. bxc3 Ne3 37. Qd4 Qf5+ 38. Kb2 Qf2+ 39. Kb3 Qf7+ 40. Kb2
Qf2+ 41. Kb3 Qf7+ 42. c4 Qb7+ 43. Ka2 Qg2+ 44. Qb2 Qc6 45. Qh8+ Kg5 46. Qd8+
Kh6 47. Qf8+ Kg5 48. Qd8+ Kh6 49. Qxa5 Qg2+ 50. Kb3 Qxh2 51. Qc3 Nf5 52. Rd1
Kh7 53. a5 Qf2 54. Rd2 Qa7 55. Qb4 Qe3+ 56. Qc3 Qa7 57. Qb4 Qe3+ 58. Qc3 Qa7
59. Qb4 1/2-1/2

[Event "7th Parsvnath Open"]
[Site "New Delhi IND"]
[Date "2009.01.17"]
[Round "8"]
[White "Ganguly, S."]
[Black "Kostenko, P."]
[Result "1-0"]
[WhiteElo "2614"]
[BlackElo "2501"]
[PlyCount "139"]
[EventDate "2009.01.11"]
[SourceDate "1999.07.01"]

1. e4 c5 2. Nf3 d6 3. d4 cxd4 4. Nxd4 Nf6 5. Nc3 a6 6. Be2 e6 7. O-O Nbd7 8. f4
b5 9. Bf3 Bb7 10. e5 Bxf3 11. Nxf3 b4 12. exf6 bxc3 13. fxg7 Bxg7 14. b3 Qb6+
15. Kh1 O-O 16. Qe1 Qc6 17. f5 e5 18. Qg3 f6 19. Ba3 Rf7 20. Ng1 d5 21. Ne2 Rc8
22. Qg4 Nb6 23. Rad1 d4 24. Bc1 Nd5 25. a3 Kh8 26. Qf3 Bf8 27. Ng3 Be7 28. Ne4
Rg7 29. g4 Bxa3 30. Bxa3 Ne3 31. g5 fxg5 32. f6 Rf7 33. Nxg5 Rxf6 34. Qxc6
Rcxc6 35. Rxf6 Rxf6 36. Rg1 Kg8 37. Nf3+ Kf7 38. Nxe5+ Ke6 39. Ng4 Nxc2 40.
Nxf6 Kxf6 41. Bc5 Ke5 42. Kg2 Kd5 43. Be7 Ke4 44. Kf2 Ne3 45. Bc5 Kd3 46. Bxd4
Kxd4 47. Ke2 Ke4 48. Rg8 Nd5 49. Re8+ Kd4 50. Rh8 Nf4+ 51. Kd1 Kd3 52. Rd8+ Ke4
53. Kc2 Kf3 54. Kxc3 Kg2 55. Rd6 h5 56. h4 Kg3 57. Rxa6 Kxh4 58. Kd4 Kg3 59.
Ke4 h4 60. Ra8 Ng2 61. b4 h3 62. Ra3+ Kg4 63. b5 h2 64. Ra1 Nf4 65. Rh1 Ne2 66.
Kd3 Nf4+ 67. Ke4 Ne2 68. Kd3 Nf4+ 69. Kd2 Kg3 70. b6 1-0

[Event "ch-AZE"]
[Site "Baku AZE"]
[Date "2009.01.14"]
[Round "2"]
[White "Mamedov, Nid"]
[Black "Safarli, E."]
[Result "1/2-1/2"]
[WhiteElo "2607"]
[BlackElo "2564"]
[PlyCount "54"]
[EventDate "2009.01.13"]
[SourceDate "1999.07.01"]

1. e4 c5 2. Nf3 d6 3. d4 cxd4 4. Nxd4 Nf6 5. Nc3 a6 6. Bg5 e6 7. f4 Qb6 8. Qd3
Qxb2 9. Rb1 Qa3 10. f5 Be7 11. fxe6 fxe6 12. Be2 Qa5 13. Bd2 Qc7 14. g4 h6 15.
e5 dxe5 16. Qg6+ Kd8 17. Nf3 Nc6 18. g5 Ne8 19. O-O Nd4 20. gxh6 Nxe2+ 21. Nxe2
gxh6 22. Bc3 Bd6 23. Rbd1 Bd7 24. Rxd6 Qxd6 25. Bxe5 Qf8 26. Bxh8 Qxh8 27. Nfd4
Qg7 1/2-1/2

[Event "Corus C"]
[Site "Wijk aan Zee NED"]
[Date "2009.01.23"]
[Round "6"]
[White "So, W."]
[Black "Leon Hoyos, M."]
[Result "1-0"]
[WhiteElo "2627"]
[BlackElo "2542"]
[PlyCount "75"]
[EventDate "2009.01.17"]
[SourceDate "1999.07.01"]

1. e4 c5 2. Nf3 d6 3. Nc3 a6 4. d4 cxd4 5. Nxd4 Nf6 6. h3 g6 7. g4 Bg7 8. Bg2
O-O 9. Be3 Nc6 10. O-O Nd7 11. a4 Nde5 12. b3 Bd7 13. Nde2 f5 14. exf5 gxf5 15.
g5 Ng6 16. f4 h6 17. gxh6 Bxh6 18. Kh2 Kh7 19. Qd2 Rg8 20. Rad1 Qe8 21. Nd5 Rd8
22. b4 Rb8 23. c4 Qf7 24. b5 axb5 25. axb5 Nd8 26. Nb6 Be6 27. Nd4 Nh4 28. Bh1
Qh5 29. Qf2 Bf7 30. Nf3 Rg4 31. Ng5+ Bxg5 32. fxg5 Re4 33. Nd7 Ra8 34. Rxd6
Rxe3 35. Rh6+ Qxh6 36. gxh6 f4 37. Qxh4 Ra2+ 38. Rf2 1-0

[Event "Bundesliga 2008-9"]
[Site "Muelheim GER"]
[Date "2009.02.01"]
[Round "11"]
[White "Berelowitsch, A."]
[Black "Ruck, R1."]
[Result "0-1"]
[WhiteElo "2576"]
[BlackElo "2574"]
[PlyCount "116"]
[EventDate "2008.10.03"]
[SourceDate "1999.07.01"]

1. e4 c5 2. Nf3 d6 3. d4 cxd4 4. Nxd4 Nf6 5. Nc3 a6 6. h3 b5 7. a4 b4 8. Nd5 e6
9. Nxf6+ Qxf6 10. g3 Bb7 11. Bg2 Nd7 12. O-O Nc5 13. Re1 e5 14. c3 bxc3 15.
bxc3 Be7 16. Nf5 O-O 17. Ba3 g6 18. Ne3 Qe6 19. Bxc5 dxc5 20. Rb1 Bc6 21. Qc2
Bg5 22. Nd5 Bxd5 23. exd5 Qd6 24. h4 Bf6 25. Qe2 Rfb8 26. Qc4 Bd8 27. Bf1 a5
28. Qe4 Rxb1 29. Rxb1 Rb8 30. Re1 Bc7 31. Bb5 f5 32. Qe3 Rf8 33. Qh6 e4 34. h5
Qf6 35. Bd7 Qg7 36. Be6+ Kh8 37. Qxg7+ Kxg7 38. hxg6 hxg6 39. Bd7 Rb8 40. Bb5
Rd8 41. Bc6 Kf6 42. Kg2 Rb8 43. Bb5 Ke5 44. c4 Rh8 45. Rb1 g5 46. Bd7 f4 47.
gxf4+ gxf4 48. Rb7 f3+ 49. Kg1 Bd6 50. Rb6 Rh6 51. Be6 e3 52. fxe3 Ke4 53. Rb1
Bg3 54. Bf7 Rh2 55. Bg6+ Kxe3 56. Rb3+ Kf4 57. Rb1 Rg2+ 58. Kh1 Bf2 0-1

[Event "Bundesliga 2008-9"]
[Site "Emsdetten GER"]
[Date "2009.02.01"]
[Round "11"]
[White "Hector, J."]
[Black "Parligras, M."]
[Result "1-0"]
[WhiteElo "2551"]
[BlackElo "2611"]
[PlyCount "149"]
[EventDate "2008.10.03"]
[SourceDate "1999.07.01"]

1. e4 c5 2. Nf3 d6 3. d4 cxd4 4. Nxd4 Nf6 5. Nc3 a6 6. Bg5 e6 7. f4 Qc7 8. Qe2
Nc6 9. O-O-O Nxd4 10. Rxd4 Be7 11. g3 h6 12. Bh4 Bd7 13. Bg2 Bc6 14. f5 O-O 15.
Rhd1 b5 16. fxe6 fxe6 17. Bxf6 Rxf6 18. e5 dxe5 19. Bxc6 exd4 20. Nd5 exd5 21.
Bxd5+ Kh8 22. Bxa8 Rf8 23. Be4 Qe5 24. Qg2 g6 25. Bd3 Kg7 26. Qb7 Rf6 27. a3 h5
28. Kb1 Kh6 29. h3 Re6 30. g4 h4 31. Qc8 Kg7 32. Rg1 Bg5 33. Rf1 Rf6 34. Rxf6
Qxf6 35. a4 bxa4 36. Qd7+ Qe7 37. Qxa4 Qe1+ 38. Ka2 a5 39. Qc6 Qe5 40. Qxg6+
Kf8 41. Bc4 Ke7 42. Qf7+ Kd6 43. Qb7 Qc5 44. Qb8+ Ke7 45. Qg8 Qe5 46. Qc8 Bf6
47. Qb7+ Kd6 48. Kb3 Kc5 49. Qb5+ Kd6 50. Qb6+ Kd7 51. Bb5+ Ke7 52. Qxa5 Qd5+
53. Ka3 Kf8 54. b4 Qh1 55. Bd3 Qxh3 56. g5 Be7 57. Qe5 Qh1 58. Qh8+ Kf7 59.
Bc4+ Kg6 60. Qe8+ Kf5 61. Qd7+ Kf4 62. Qxd4+ Qe4 63. Qxe4+ Kxe4 64. g6 Bf8 65.
Bf1 Kf5 66. Bd3+ Ke5 67. c4 h3 68. Bf1 h2 69. Bg2 Kf5 70. c5 Kxg6 71. c6 Bd6
72. Ka4 Kf6 73. Kb5 Ke5 74. Ka6 Kd4 75. b5 1-0

[Event "7th Gibtelecom Masters"]
[Site "Caleta ENG"]
[Date "2009.02.03"]
[Round "8"]
[White "Szabo, Krisz1"]
[Black "Vachier Lagrave, M."]
[Result "1/2-1/2"]
[WhiteElo "2508"]
[BlackElo "2696"]
[PlyCount "59"]
[EventDate "2009.01.27"]
[SourceDate "1999.07.01"]

1. e4 c5 2. Nf3 d6 3. d4 cxd4 4. Nxd4 Nf6 5. Nc3 a6 6. Be3 e6 7. f3 b5 8. Qd2
Nbd7 9. g4 h6 10. O-O-O b4 11. Nce2 Qc7 12. Kb1 Ne5 13. Nf4 g5 14. Nh5 Nxh5 15.
gxh5 Rb8 16. b3 Qc3 17. Qf2 Bg7 18. Bd2 Nd3 19. Bxd3 Qxd4 20. Qxd4 Bxd4 21. h4
f6 22. hxg5 hxg5 23. f4 gxf4 24. Bxf4 e5 25. Bd2 a5 26. Rdf1 Ke7 27. h6 Rh7 28.
Rf3 Bg4 29. Rg3 Be6 30. Rf1 1/2-1/2

[Event "7th Gibtelecom Masters"]
[Site "Caleta ENG"]
[Date "2009.02.04"]
[Round "9"]
[White "Socko, B."]
[Black "Nakamura, Hi"]
[Result "0-1"]
[WhiteElo "2631"]
[BlackElo "2699"]
[PlyCount "108"]
[EventDate "2009.01.27"]
[SourceDate "1999.07.01"]

1. e4 c5 2. Nf3 d6 3. d4 cxd4 4. Nxd4 Nf6 5. Nc3 a6 6. f4 Qc7 7. Be2 g6 8. g4
e6 9. Be3 b5 10. g5 Nfd7 11. a3 Bb7 12. O-O Rg8 13. Qd2 Nb6 14. b3 N8d7 15. Bf3
Rc8 16. Nde2 Bg7 17. Bd4 Bxd4+ 18. Qxd4 Qc5 19. Rad1 Ke7 20. e5 dxe5 21. Qxc5+
Nxc5 22. fxe5 Bxf3 23. Rxf3 Ncd7 24. Re3 Rc5 25. Nd4 Rgc8 26. Ne4 Rxe5 27. Nf3
Rd5 28. Rxd5 Nxd5 29. Re2 Nc5 30. Nf2 Nc3 31. Re3 Nb7 32. Ne5 Nd6 33. Nfd3 Nce4
34. h4 Rxc2 35. Nb4 Rc1+ 36. Kg2 Nc5 37. Nd5+ Kf8 38. Nf6 Nf5 39. Rh3 Rc2+ 40.
Kf1 Ke7 41. Ng8+ Kd6 42. Nxf7+ Kd5 43. b4 Rc1+ 44. Kg2 Rc2+ 45. Kf1 Na4 46.
Nf6+ Kd4 47. h5 gxh5 48. Nxh7 Nc3 49. g6 Ne4 50. Nhg5 Nxg5 51. Nxg5 Ne3+ 52.
Rxe3 Kxe3 53. Nf7 h4 54. g7 h3 0-1

[Event "7th Gibtelecom Masters"]
[Site "Caleta ENG"]
[Date "2009.02.05"]
[Round "10"]
[White "Ganguly, S."]
[Black "Berg, E."]
[Result "0-1"]
[WhiteElo "2614"]
[BlackElo "2606"]
[PlyCount "96"]
[EventDate "2009.01.27"]
[SourceDate "1999.07.01"]

1. e4 c5 2. Nf3 d6 3. d4 cxd4 4. Nxd4 Nf6 5. Nc3 a6 6. h3 e5 7. Nde2 Nbd7 8. g4
h6 9. Bg2 b5 10. O-O Bb7 11. Ng3 g6 12. f4 Be7 13. Be3 exf4 14. Bxf4 Ne5 15. a4
b4 16. Nd5 Bxd5 17. exd5 Rc8 18. a5 Nfd7 19. Qd2 Rc4 20. b3 Rc5 21. Ne4 Rb5 22.
Bxh6 Rxa5 23. Rae1 Rb5 24. Qf4 Qb6+ 25. Kh1 Rxd5 26. Bg7 Rh7 27. Bf6 Bxf6 28.
Nxf6+ Nxf6 29. Qxf6 Rc5 30. Rd1 Qd8 31. Qf4 a5 32. Rd2 Kf8 33. Rfd1 Qe7 34.
Rxd6 Rxc2 35. Qe4 Rc7 36. Rd8+ Kg7 37. Qa8 Rc3 38. Rg8+ Kh6 39. Re1 f6 40. h4
Rg3 41. g5+ Kh5 42. Re8 Qd7 43. gxf6 Nf3 44. Bxf3+ Kxh4 45. Bg2 Kg5+ 46. Kg1
Qd4+ 47. Kf1 Qxf6+ 48. Ke2 Qb2+ 0-1

[Event "Open A"]
[Site "Moscow RUS"]
[Date "2009.02.03"]
[Round "4"]
[White "Zinchenko, Ya"]
[Black "Kuzubov, Y."]
[Result "1/2-1/2"]
[WhiteElo "2527"]
[BlackElo "2626"]
[PlyCount "124"]
[EventDate "2009.01.31"]
[SourceDate "1999.07.01"]

1. e4 c5 2. Nf3 d6 3. d4 cxd4 4. Nxd4 Nf6 5. Nc3 a6 6. Be3 e5 7. Nb3 Be6 8. Qd2
Nbd7 9. O-O-O Be7 10. f4 Rc8 11. Kb1 b5 12. f5 Bc4 13. Rg1 h5 14. h3 h4 15. Bd3
Qc7 16. g4 hxg3 17. Rxg3 b4 18. Nd5 Nxd5 19. exd5 Nf6 20. Rxg7 Bxd3 21. cxd3
Nxd5 22. Rdg1 Bf6 23. R7g3 Ke7 24. Bg5 Bxg5 25. Qxg5+ Nf6 26. Qd2 a5 27. Re1 a4
28. Nc1 Rh4 29. Rg2 b3 30. axb3 axb3 31. Nxb3 Ra8 32. d4 Qa7 33. Qc3 e4 34. Rg3
Rf4 35. Qc2 Qa2+ 36. Kc1 Ra7 37. Rc3 Kd7 38. Qe2 Qa4 39. Nc5+ dxc5 40. Ra3 Kc6
41. Rxa4 Rxa4 42. Kb1 Nd5 43. Rc1 Rxd4 44. Qh5 e3 45. Qxf7 Rfe4 46. Qf8 e2 47.
Qxc5+ Kd7 48. Qa7+ Kd6 49. Qb8+ Ke7 50. f6+ Kf7 51. Qb7+ Kxf6 52. Rc6+ Kg5 53.
Qg7+ Kf4 54. Qg4+ Ke3 55. Qg3+ Kd2 56. Rc2+ Kd1 57. Rc1+ Kd2 58. Qe1+ Ke3 59.
Qg3+ Kd2 60. Rc2+ Kd1 61. Qb3 Ke1 62. Qg3+ Kd1 1/2-1/2

[Event "Open A"]
[Site "Moscow RUS"]
[Date "2009.02.04"]
[Round "5"]
[White "Smirnov, P."]
[Black "Nepomniachtchi, I."]
[Result "0-1"]
[WhiteElo "2579"]
[BlackElo "2628"]
[PlyCount "97"]
[EventDate "2009.01.31"]
[SourceDate "1999.07.01"]

1. e4 c5 2. Nf3 d6 3. d4 cxd4 4. Nxd4 Nf6 5. Nc3 a6 6. Be3 e5 7. Nb3 Be7 8. Qd2
Ng4 9. Bc4 Be6 10. Nd5 Nd7 11. Nxe7 Nxe3 12. Qxe3 Qxe7 13. Bxe6 Qxe6 14. Rd1
O-O 15. O-O Rfc8 16. Rd2 a5 17. Rfd1 Rc6 18. Rd5 b6 19. a4 Rac8 20. Qd3 Kf8 21.
c3 Ke7 22. Nd2 Rc5 23. Qa6 Rxd5 24. exd5 Qg4 25. f3 Nc5 26. Qxb6 Qxa4 27. b3
Qd7 28. Qxa5 Qb7 29. Ra1 Qxd5 30. Nc4 Qb7 31. b4 Nb3 32. Qb6 Qxb6+ 33. Nxb6
Rxc3 34. Nd5+ Ke6 35. Nxc3 Nxa1 36. b5 Nb3 37. Ne4 f6 38. g4 Nd4 39. b6 Nxf3+
40. Kf2 Nd4 41. h4 Nc6 42. b7 Nb8 43. h5 d5 44. Nc3 Kd6 45. Kg3 Kc6 46. g5 f5
47. g6 hxg6 48. hxg6 d4 49. Na2 0-1

[Event "Open A"]
[Site "Moscow RUS"]
[Date "2009.02.06"]
[Round "7"]
[White "Belov, Vl"]
[Black "Kotsur, P."]
[Result "1/2-1/2"]
[WhiteElo "2627"]
[BlackElo "2563"]
[PlyCount "67"]
[EventDate "2009.01.31"]
[SourceDate "1999.07.01"]

1. e4 c5 2. Nf3 d6 3. d4 cxd4 4. Nxd4 Nf6 5. Nc3 a6 6. Be3 e6 7. g4 e5 8. Nf5
h6 9. Qe2 g6 10. O-O-O gxf5 11. exf5 Bd7 12. f4 Qe7 13. fxe5 dxe5 14. h4 Nc6
15. Bg2 O-O-O 16. g5 hxg5 17. hxg5 Rxh1 18. Bxh1 Nd4 19. Bxd4 exd4 20. Qxe7
Bxe7 21. gxf6 Bxf6 22. Ne4 Be5 23. Nc5 b6 24. Bb7+ Kc7 25. Nxd7 Bf4+ 26. Kb1
Kxb7 27. Rxd4 Rh8 28. a4 Rh1+ 29. Ka2 Rf1 30. a5 bxa5 31. Nc5+ Kc6 32. Nb3 Bc7
33. Rc4+ Kb6 34. Nxa5 1/2-1/2

[Event "Open A"]
[Site "Moscow RUS"]
[Date "2009.02.06"]
[Round "7"]
[White "Tseshkovsky, V."]
[Black "Sakaev, K."]
[Result "1/2-1/2"]
[WhiteElo "2542"]
[BlackElo "2619"]
[PlyCount "52"]
[EventDate "2009.01.31"]
[SourceDate "1999.07.01"]

1. e4 c5 2. Nf3 d6 3. d4 cxd4 4. Nxd4 Nf6 5. Nc3 a6 6. h3 e6 7. g4 d5 8. exd5
Nxd5 9. Nde2 Bb4 10. Bd2 Nxc3 11. Bxc3 Bxc3+ 12. Nxc3 Qb6 13. Qd2 Qxb2 14. Rb1
Qa3 15. Bg2 O-O 16. O-O Nd7 17. Ne4 Rb8 18. c4 b6 19. Rfd1 h6 20. g5 hxg5 21.
Qxg5 f6 22. Qh5 Qe7 23. c5 Bb7 24. cxb6 Bxe4 25. Bxe4 f5 26. Bg2 Nxb6 1/2-1/2

[Event "Open A"]
[Site "Moscow RUS"]
[Date "2009.02.07"]
[Round "8"]
[White "Pridorozhni, A."]
[Black "Belov, Vl"]
[Result "0-1"]
[WhiteElo "2515"]
[BlackElo "2627"]
[PlyCount "92"]
[EventDate "2009.01.31"]
[SourceDate "1999.07.01"]

1. e4 c5 2. Nf3 d6 3. d4 cxd4 4. Nxd4 Nf6 5. Nc3 a6 6. Be2 e5 7. Nb3 Be7 8. Bg5
Nbd7 9. a4 b6 10. Bc4 Bb7 11. Qe2 O-O 12. O-O Qc7 13. Rfd1 h6 14. Bxf6 Nxf6 15.
Nd5 Nxd5 16. Bxd5 Bxd5 17. Rxd5 f5 18. c4 fxe4 19. Nd2 b5 20. cxb5 axb5 21.
Rxb5 Qc2 22. Qc4+ Qxc4 23. Nxc4 Kf7 24. a5 Ra6 25. Rb6 Rxb6 26. Nxb6 Ke6 27. a6
Bd8 28. a7 Bxb6 29. a8=Q Bxf2+ 30. Kf1 Rxa8 31. Rxa8 Bc5 32. Rb8 d5 33. Ke2 d4
34. Rb7 Be7 35. Rb6+ Kf5 36. Ra6 Bg5 37. Ra3 e3 38. b4 e4 39. b5 d3+ 40. Ke1
Bd8 41. Ra6 Be7 42. Ra4 Bc5 43. Rc4 Bb6 44. Ra4 e2 45. Ra1 Kf4 46. Kd2 Be3+ 0-1

[Event "Open A"]
[Site "Moscow RUS"]
[Date "2009.02.08"]
[Round "9"]
[White "Timofeev, Arty"]
[Black "Kotsur, P."]
[Result "1/2-1/2"]
[WhiteElo "2671"]
[BlackElo "2563"]
[PlyCount "92"]
[EventDate "2009.01.31"]
[SourceDate "1999.07.01"]

1. e4 c5 2. Nf3 d6 3. d4 cxd4 4. Nxd4 Nf6 5. Nc3 a6 6. Be2 e6 7. O-O Qc7 8. f4
b5 9. Bf3 Bb7 10. a3 Nbd7 11. Qe1 Be7 12. Kh1 h5 13. Be3 Ng4 14. Bg1 g5 15.
fxg5 Bxg5 16. e5 d5 17. Nxd5 Bxd5 18. Bxd5 exd5 19. e6 Nde5 20. exf7+ Kd7 21.
Rd1 Qd6 22. h3 Raf8 23. Nf3 Be3 24. Nxe5+ Qxe5 25. Rf3 Rh7 26. c4 d4 27. cxb5
axb5 28. Rxe3 Nxe3 29. Qxe3 Qxe3 30. Bxe3 Rhxf7 31. Rxd4+ Kc6 32. a4 bxa4 33.
Rxa4 Re7 34. Ra6+ Kb5 35. Rb6+ Kc4 36. b3+ Kd3 37. Bc5 Re1+ 38. Kh2 Rg8 39. Rf6
Re2 40. Bf2 Rb2 41. Rf3+ Ke4 42. Bg3 Rc8 43. Rf4+ Ke3 44. Rf3+ Ke4 45. Rf4+ Ke3
46. Rf3+ Ke4 1/2-1/2

[Event "66th ch-POL"]
[Site "Chotowa POL"]
[Date "2009.01.29"]
[Round "4"]
[White "Bartel, Mat"]
[Black "Wojtaszek, R."]
[Result "1/2-1/2"]
[WhiteElo "2594"]
[BlackElo "2608"]
[PlyCount "79"]
[EventDate "2009.01.06"]
[SourceDate "1999.07.01"]

1. e4 c5 2. Nf3 d6 3. d4 cxd4 4. Nxd4 Nf6 5. Nc3 a6 6. Be3 e6 7. a4 b6 8. g4
Bb7 9. Bg2 h6 10. f4 Nbd7 11. g5 hxg5 12. fxg5 Nh5 13. g6 Qh4+ 14. Bf2 Qg5 15.
gxf7+ Kxf7 16. Qf3+ Nhf6 17. h4 Qg4 18. Bh3 Qxf3 19. Nxf3 e5 20. Ng5+ Ke7 21.
Bf5 Rh6 22. O-O-O g6 23. Bxd7 Kxd7 24. Bxb6 Be7 25. Nf7 Rh5 26. Rhf1 Ne8 27.
Rg1 Ke6 28. Ng5+ Kd7 29. Bf2 Nc7 30. Nf3 Rf8 31. Rd3 Ne6 32. Bg3 Nc5 33. Re3
Bc6 34. a5 Rb8 35. Be1 Rh6 36. Ng5 Rh5 37. Nf3 Rh6 38. Ng5 Rh5 39. Nf3 Rh6 40.
Ng5 1/2-1/2

[Event "Aeroflot Open"]
[Site "Moscow RUS"]
[Date "2009.02.17"]
[Round "1"]
[White "Maslak, K."]
[Black "Van Wely, L."]
[Result "1/2-1/2"]
[WhiteElo "2541"]
[BlackElo "2625"]
[PlyCount "70"]
[EventDate "2009.02.17"]
[SourceDate "1999.07.01"]

1. e4 c5 2. Nf3 d6 3. d4 cxd4 4. Nxd4 Nf6 5. Nc3 a6 6. Bg5 e6 7. f4 Nbd7 8. Qf3
Qc7 9. O-O-O b5 10. Bd3 Bb7 11. Rhe1 O-O-O 12. f5 e5 13. Nb3 Be7 14. a4 Nxe4
15. Bxe4 Bxg5+ 16. Kb1 Nf6 17. Bxb7+ Qxb7 18. Nd5 e4 19. Qc3+ Kb8 20. Nb4 Ka8
21. axb5 Qxb5 22. Nd4 Qb6 23. Qa3 Rd7 24. Nb3 d5 25. g3 h5 26. h4 Bh6 27. Rd4
Rc8 28. Qxa6+ Qxa6 29. Nxa6 Rc4 30. c3 Rxd4 31. Nxd4 Bd2 32. Re2 e3 33. Nc5 Rc7
34. Ndb3 Ka7 35. Kc2 Kb6 1/2-1/2

[Event "Aeroflot Open"]
[Site "Moscow RUS"]
[Date "2009.02.18"]
[Round "2"]
[White "Smirin, I."]
[Black "Andriasian, Z."]
[Result "1/2-1/2"]
[WhiteElo "2647"]
[BlackElo "2564"]
[PlyCount "50"]
[EventDate "2009.02.17"]
[SourceDate "1999.07.01"]

1. e4 c5 2. Nf3 d6 3. d4 cxd4 4. Nxd4 Nf6 5. Nc3 a6 6. Be2 e5 7. Nb3 Be7 8. O-O
O-O 9. Be3 Be6 10. Qd2 Nbd7 11. a4 Qc7 12. Rfd1 Nc5 13. Nxc5 dxc5 14. a5 Rad8
15. Qe1 Rxd1 16. Qxd1 c4 17. f3 Bc5 18. Bxc5 Qxc5+ 19. Kh1 Qb4 20. Qc1 Rd8 21.
Bf1 h6 22. Nd1 Nd7 23. Qe3 Nb8 24. Qc3 Qxc3 25. bxc3 Rc8 1/2-1/2

[Event "Aeroflot Open"]
[Site "Moscow RUS"]
[Date "2009.02.19"]
[Round "3"]
[White "Petrosian, TL."]
[Black "Zherebukh, Y."]
[Result "1-0"]
[WhiteElo "2623"]
[BlackElo "2558"]
[PlyCount "79"]
[EventDate "2009.02.17"]
[SourceDate "1999.07.01"]

1. e4 c5 2. Nf3 d6 3. d4 cxd4 4. Nxd4 Nf6 5. Nc3 a6 6. Be3 e5 7. Nf3 Be7 8. Bc4
O-O 9. O-O Nc6 10. Bb3 h6 11. Qe2 Na5 12. Rfd1 Nxb3 13. axb3 Qe8 14. Nd2 b5 15.
Nxb5 Bg4 16. f3 Qxb5 17. c4 Bxf3 18. Qxf3 Qb7 19. Ra4 Nh7 20. b4 Bg5 21. Nf1
Qc6 22. b3 f5 23. exf5 Qxf3 24. gxf3 Rxf5 25. b5 Rxf3 26. Re1 Raf8 27. Rxa6 d5
28. Bc5 R8f4 29. b4 Bh4 30. Ra8+ Kf7 31. Rea1 d4 32. b6 Rg4+ 33. Kh1 Kg6 34. b7
Ng5 35. b8=Q Nh3 36. Qe8+ Kh7 37. Qg8+ Kg6 38. Qe6+ Kh5 39. Qxe5+ Rg5 40. Ng3+
1-0

[Event "Aeroflot Open"]
[Site "Moscow RUS"]
[Date "2009.02.19"]
[Round "3"]
[White "Filippov, An UZB"]
[Black "Van Wely, L."]
[Result "1-0"]
[WhiteElo "2558"]
[BlackElo "2625"]
[PlyCount "131"]
[EventDate "2009.02.17"]
[SourceDate "1999.07.01"]

1. e4 c5 2. Nf3 d6 3. d4 cxd4 4. Nxd4 Nf6 5. Nc3 a6 6. Be2 e6 7. a4 Nc6 8. O-O
Be7 9. Be3 O-O 10. Kh1 Qc7 11. f4 Re8 12. Bd3 Nb4 13. a5 Bd7 14. Qf3 Bc6 15.
Qg3 Nxd3 16. cxd3 Nd7 17. Nf3 Bf8 18. Ng5 f5 19. Bd4 h6 20. Nf3 Nc5 21. Bxc5
dxc5 22. Ne5 Bd6 23. Nc4 Rad8 24. Rae1 Qf7 25. Qe3 Bc7 26. Ne5 Bxe5 27. fxe5
Qh5 28. exf5 Qg4 29. Ne4 exf5 30. Rf4 Qg6 31. Ng3 Rd5 32. Rxf5 Red8 33. Qf2
Rxd3 34. e6 Rd1 35. e7 R8d2 36. Qe3 Kh7 37. Rf2 Qb1 38. Ref1 Rxb2 39. e8=Q Bxe8
40. Rxb2 Rxf1+ 41. Nxf1 Qxf1+ 42. Qg1 Qc4 43. Rxb7 Bc6 44. Rb2 Be4 45. Qe1 Qd4
46. Re2 Bg6 47. h3 c4 48. Re7 c3 49. Qe5 Qxe5 50. Rxe5 c2 51. Rc5 Be4 52. Kg1
Kg6 53. Kf2 Kf6 54. Ke3 Bxg2 55. Rxc2 Bd5 56. Kd4 Bb7 57. Rb2 Bc8 58. Rb8 Bxh3
59. Rb6+ Kf5 60. Rxa6 h5 61. Ke3 Bg2 62. Rb6 h4 63. a6 g5 64. a7 Kg4 65. Rb4+
Kg3 66. Re4 1-0

[Event "Aeroflot Open"]
[Site "Moscow RUS"]
[Date "2009.02.20"]
[Round "4"]
[White "Mamedov, Rau"]
[Black "Shomoev, A."]
[Result "1-0"]
[WhiteElo "2638"]
[BlackElo "2567"]
[PlyCount "83"]
[EventDate "2009.02.17"]
[SourceDate "1999.07.01"]

1. e4 c5 2. Nf3 d6 3. d4 cxd4 4. Nxd4 Nf6 5. Nc3 a6 6. Be2 e6 7. O-O Be7 8. f4
O-O 9. Kh1 Qc7 10. a4 Nc6 11. Be3 Re8 12. Bd3 Nb4 13. a5 Bd7 14. Qf3 Rac8 15.
Qg3 Bf8 16. Nf3 Bc6 17. Bd4 Nd7 18. Nd1 e5 19. fxe5 dxe5 20. Bc3 Nxd3 21. cxd3
Bc5 22. Nf2 Bxf2 23. Rxf2 f6 24. Nh4 Kh8 25. Nf5 Nf8 26. Re1 Ng6 27. h4 Nf4 28.
h5 Nxh5 29. Qh4 Nf4 30. Rxf4 exf4 31. Nxg7 Kxg7 32. Qxf6+ Kg8 33. Qg5+ Kf7 34.
Rf1 Re7 35. Rxf4+ Ke8 36. Bb4 Rd8 37. Bxe7 Qxe7 38. Qh5+ Kd7 39. Rf7 Qxf7 40.
Qxf7+ Kc8 41. Qf5+ Rd7 42. d4 1-0

[Event "Aeroflot Open"]
[Site "Moscow RUS"]
[Date "2009.02.20"]
[Round "4"]
[White "Filippov, An UZB"]
[Black "Ghaem Maghami, E."]
[Result "1-0"]
[WhiteElo "2558"]
[BlackElo "2604"]
[PlyCount "63"]
[EventDate "2009.02.17"]
[SourceDate "1999.07.01"]

1. e4 c5 2. Nf3 d6 3. d4 cxd4 4. Nxd4 Nf6 5. Nc3 a6 6. Be2 Nc6 7. O-O g6 8. Be3
Bg7 9. Nd5 O-O 10. Nxf6+ Bxf6 11. c3 Bd7 12. Nc2 Bg7 13. Qd2 Ne5 14. Nb4 Bc6
15. f3 a5 16. Nc2 d5 17. exd5 Qxd5 18. Rfd1 Qxd2 19. Rxd2 Rfc8 20. Rad1 Ba4 21.
f4 Bxc2 22. Rxc2 Nc4 23. Bxc4 Rxc4 24. Rcd2 b5 25. Rd8+ Rxd8 26. Rxd8+ Bf8 27.
a3 b4 28. cxb4 axb4 29. a4 b3 30. a5 Ra4 31. Ra8 Ra2 32. a6 1-0

[Event "Aeroflot Open"]
[Site "Moscow RUS"]
[Date "2009.02.21"]
[Round "5"]
[White "Petrosian, TL."]
[Black "Sjugirov, S."]
[Result "1/2-1/2"]
[WhiteElo "2623"]
[BlackElo "2562"]
[PlyCount "119"]
[EventDate "2009.02.17"]
[SourceDate "1999.07.01"]

1. e4 c5 2. Nf3 d6 3. d4 cxd4 4. Nxd4 Nf6 5. Nc3 a6 6. Be3 e5 7. Nf3 Be7 8. Bc4
O-O 9. O-O Nc6 10. Bg5 Be6 11. Bb3 Nd7 12. Bxe7 Qxe7 13. Nd5 Qd8 14. Qe2 Na5
15. Rad1 Rc8 16. Ne3 Nxb3 17. axb3 Rc6 18. Rd2 Qe7 19. Rfd1 Rfc8 20. Ne1 Nf6
21. Qf3 g6 22. Nd3 Rb6 23. Nc1 Rb4 24. c4 Rb6 25. Ne2 Rxb3 26. Nd5 Bxd5 27.
Qxb3 Bxc4 28. Qe3 Rc6 29. Ng3 Ne8 30. Rc1 Nc7 31. Qa7 Nb5 32. Qb8+ Kg7 33. Rdc2
d5 34. exd5 Bxd5 35. Rxc6 Bxc6 36. h4 Qxh4 37. Qxe5+ Qf6 38. Qxf6+ Kxf6 39. f3
Nd6 40. Kf2 h5 41. Rc5 h4 42. Ne2 Nf5 43. Nf4 Ke7 44. Rc1 Kd6 45. Rd1+ Ke5 46.
Nd3+ Ke6 47. Nc5+ Ke7 48. Rd3 Nd6 49. Rd2 g5 50. Nb3 Bb5 51. Nd4 Ba4 52. Rd3
Bd7 53. Rc3 Kd8 54. Rc5 f6 55. Nc2 Nb5 56. Ne3 Ke7 57. Nd5+ Kd6 58. b4 Ke6 59.
f4 Bc6 60. Nc3 1/2-1/2